[Event "RUS-chT 24th"]
[Site "Sochi"]
[Date "2017.05.07"]
[Round "5.3"]
[White "Elistratov, Semen"]
[Black "Grischuk, Alexander"]
[Result "1/2-1/2"]
[WhiteElo "2417"]
[BlackElo "2750"]
[PlyCount "68"]
[EventDate "2017.05.01"]
[EventType "team-swiss"]
[EventRounds "7"]
[EventCountry "RUS"]
[SourceTitle "CBM 178"]
[Source "ChessBase"]
[SourceDate "2017.05.14"]
[SourceVersion "1"]
[SourceVersionDate "2017.05.14"]
[SourceQuality "1"]
[WhiteTeam "Samara Zhiguli"]
[BlackTeam "Novosibirsk Siberia"]
[WhiteTeamCountry "RUS"]
[BlackTeamCountry "RUS"]

1. e4 c5 2. Nf3 d6 3. d4 cxd4 4. Nxd4 Nf6 5. Nc3 Nc6 6. Bg5 e6 7. Qd2 a6 8. 0-0-0 Bd7 9. f4 Be7 10. Nf3 b5 11. Bxf6 gxf6 12. f5 Qb6 13. Kb1 0-0-0 14. fxe6 fxe6 15. Qh6 Kb8 16. g3 Ne5 17. Nxe5 dxe5 18. Bd3 b4 19. Ne2 a5 20. Nc1 a4 21. Be2 Qc7 22. Qg7 Bc6 23. Rxd8+ Rxd8 24. Qxh7 a3 25. Nb3 Ba4 26. Qh6 axb2 27. Qe3 Rc8 28. Qd3 Qc3 29. h4 Bxb3 30. Qb5+ Ka8 31. Qa6+ Kb8 32. Qb6+ Ka8 33. Qa6+ Kb8 34. Qb6+ Ka8 1/2-1/2

[Event "RUS-chT 24th"]
[Site "Sochi"]
[Date "2017.05.01"]
[Round "1.4"]
[White "Dubov, Daniil"]
[Black "Elistratov, Semen"]
[Result "1-0"]
[WhiteElo "2660"]
[BlackElo "2417"]
[PlyCount "49"]
[EventDate "2017.05.01"]
[EventType "team-swiss"]
[EventRounds "7"]
[EventCountry "RUS"]
[SourceTitle "CBM 178"]
[Source "ChessBase"]
[SourceDate "2017.05.14"]
[SourceVersion "1"]
[SourceVersionDate "2017.05.14"]
[SourceQuality "1"]
[WhiteTeam "Moscow Legacy Square"]
[BlackTeam "Samara Zhiguli"]
[WhiteTeamCountry "RUS"]
[BlackTeamCountry "RUS"]

1. c4 e5 2. Nc3 Nf6 3. Nf3 Nc6 4. g3 d5 5. cxd5 Nxd5 6. Bg2 Nb6 7. 0-0 Be7 8. a3 0-0 9. b4 Be6 10. Rb1 f6 11. b5 Nd4 12. e3 Nf5 13. d4 Bc4 14. Re1 exd4 15. Nxd4 Nxd4 16. exd4 Rb8 17. a4 Kh8 18. a5 Nc8 19. Qa4 Qxd4 20. Nd5 Nd6 21. Nxe7 Qd3 22. Bf4 Bxb5 23. Qb4 a6 24. Rbd1 Qc4 25. Bxd6 1-0

[Event "Moscow Aeroflot op-B 16th"]
[Site "Moscow"]
[Date "2017.02.28"]
[Round "8"]
[White "Elistratov, Semen"]
[Black "Atabayev, Maksat"]
[Result "1/2-1/2"]
[WhiteElo "2407"]
[BlackElo "2492"]
[PlyCount "61"]
[EventDate "2017.02.21"]
[EventType "swiss"]
[EventRounds "9"]
[EventCountry "RUS"]
[SourceTitle "CBM 177 Extra"]
[Source "ChessBase"]
[SourceDate "2017.04.27"]
[SourceVersion "1"]
[SourceVersionDate "2017.04.27"]
[SourceQuality "1"]

1. Nf3 c5 2. g3 Nc6 3. Bg2 g6 4. c4 Bg7 5. Nc3 d6 6. d3 Nh6 7. e4 0-0 8. 0-0 f5 9. Ng5 Kh8 10. Ne2 fxe4 11. dxe4 Nf7 12. Nxf7+ Rxf7 13. Rb1 Nd4 14. Nxd4 Bxd4 15. b3 Rb8 16. Bb2 e5 17. Bxd4 cxd4 18. Rc1 Qe7 19. f4 Be6 20. Rc2 Rbf8 21. Rcf2 Qd7 22. Qd2 b6 23. h4 Bg4 24. fxe5 dxe5 25. Qg5 Rxf2 26. Qxe5+ Kg8 27. Rxf2 Rxf2 28. Kxf2 d3 29. Qb8+ Kg7 30. Qe5+ Kg8 31. Qb8+ 1/2-1/2

[Event "Moscow Aeroflot op-B 16th"]
[Site "Moscow"]
[Date "2017.02.26"]
[Round "6"]
[White "Elistratov, Semen"]
[Black "Levin, Evgeny A"]
[Result "1/2-1/2"]
[WhiteElo "2407"]
[BlackElo "2506"]
[PlyCount "42"]
[EventDate "2017.02.21"]
[EventType "swiss"]
[EventRounds "9"]
[EventCountry "RUS"]
[SourceTitle "CBM 177 Extra"]
[Source "ChessBase"]
[SourceDate "2017.04.27"]
[SourceVersion "1"]
[SourceVersionDate "2017.04.27"]
[SourceQuality "1"]

1. e4 c5 2. Nf3 d6 3. d4 Nf6 4. Nc3 cxd4 5. Nxd4 a6 6. h3 e6 7. g4 h6 8. Bg2 Be7 9. Be3 Nc6 10. f4 Nd7 11. 0-0 Nxd4 12. Qxd4 0-0 13. Qd2 Rb8 14. Rad1 b5 15. Ne2 Qc7 16. Ng3 Nf6 17. Qf2 Bb7 18. c3 Nd7 19. Nh5 e5 20. f5 Nf6 21. Nxf6+ Bxf6 1/2-1/2

[Event "Moscow op-A 13th"]
[Site "Moscow"]
[Date "2017.02.04"]
[Round "8"]
[White "Musalov, Ruslan"]
[Black "Elistratov, Semen"]
[Result "0-1"]
[WhiteElo "2332"]
[BlackElo "2407"]
[PlyCount "84"]
[EventDate "2017.01.28"]
[EventType "swiss"]
[EventRounds "9"]
[EventCountry "RUS"]
[SourceTitle "EXT 2018"]
[Source "ChessBase"]
[SourceDate "2017.10.13"]
[SourceVersion "1"]
[SourceVersionDate "2017.10.13"]
[SourceQuality "1"]

1. Nf3 d5 2. d4 Nf6 3. e3 e6 4. Bd3 b6 5. 0-0 Bb7 6. b3 Nbd7 7. c4 Bd6 8. Nc3 0-0 9. Bb2 a6 10. Rc1 Qe7 11. Qc2 dxc4 12. bxc4 Bxf3 13. gxf3 c5 14. Ne4 Nxe4 15. Bxe4 f5 16. Bxa8 Bxh2+ 17. Kh1 Qh4 18. Rg1 Bxg1+ 19. Kxg1 Rxa8 20. Qa4 Rd8 21. Qc6 Qf6 22. Rd1 Ne5 23. Qb7 f4 24. Kf1 Nxc4 25. Bc1 fxe3 26. Ke2 Qg6 27. fxe3 Qc2+ 28. Ke1 Nxe3 29. Rd2 Qxc1+ 30. Ke2 Qg1 31. Qe7 Qf1+ 32. Kxe3 Qe1+ 33. Re2 Qc3+ 34. Kf2 Qxd4+ 35. Kg2 Qd6 36. Qb7 b5 37. Re4 h5 38. Rh4 Qe5 39. Re4 Rd2+ 40. Kf1 Qh2 41. Qc8+ Kh7 42. Qxc5 Qh1+ 0-1

[Event "Moscow op-A 13th"]
[Site "Moscow"]
[Date "2017.02.01"]
[Round "5"]
[White "Elistratov, Semen"]
[Black "Ovchinnikov, Vsevolod"]
[Result "1-0"]
[WhiteElo "2407"]
[BlackElo "2307"]
[PlyCount "67"]
[EventDate "2017.01.28"]
[EventType "swiss"]
[EventRounds "9"]
[EventCountry "RUS"]
[SourceTitle "EXT 2018"]
[Source "ChessBase"]
[SourceDate "2017.10.13"]
[SourceVersion "1"]
[SourceVersionDate "2017.10.13"]
[SourceQuality "1"]

1. e4 g6 2. d4 Bg7 3. Nc3 d6 4. g3 b6 5. Bg2 Bb7 6. Nge2 c5 7. d5 Na6 8. 0-0 Nc7 9. a4 a6 10. Qd3 Nf6 11. Nd1 b5 12. Ne3 Nd7 13. f4 c4 14. Qd1 0-0 15. h4 Nf6 16. g4 e6 17. g5 Nfe8 18. h5 exd5 19. exd5 f6 20. f5 fxg5 21. Ng3 Be5 22. fxg6 Rxf1+ 23. Qxf1 hxg6 24. hxg6 Qf6 25. Ngf5 Bc8 26. Ng4 Qf8 27. Ngh6+ Kh8 28. Nf7+ Kg8 29. Bxg5 Bxf5 30. Qxf5 Bd4+ 31. Kh1 Bg7 32. Rf1 Bxb2 33. Nh6+ Kh8 34. Qxf8# 1-0

[Event "Moscow op-A 13th"]
[Site "Moscow"]
[Date "2017.01.30"]
[Round "3"]
[White "Elistratov, Semen"]
[Black "Salman, Pavel"]
[Result "1/2-1/2"]
[WhiteElo "2407"]
[BlackElo "2197"]
[PlyCount "89"]
[EventDate "2017.01.28"]
[EventType "swiss"]
[EventRounds "9"]
[EventCountry "RUS"]
[SourceTitle "EXT 2018"]
[Source "ChessBase"]
[SourceDate "2017.10.13"]
[SourceVersion "1"]
[SourceVersionDate "2017.10.13"]
[SourceQuality "1"]

1. e4 c5 2. Nf3 e6 3. d4 cxd4 4. Nxd4 a6 5. Bd3 Bc5 6. Nb3 Ba7 7. 0-0 Ne7 8. Bf4 Nbc6 9. Bd6 Bb8 10. Be2 0-0 11. c4 Bxd6 12. Qxd6 f5 13. Nc3 fxe4 14. Nxe4 Nf5 15. Qa3 Qe7 16. Qxe7 Ncxe7 17. c5 Rb8 18. Rfd1 b6 19. Rac1 Nd5 20. cxb6 Rxb6 21. Bf1 Nb4 22. a3 Nd5 23. Na5 Rxb2 24. Nc4 Rb8 25. Rb1 Bb7 26. Nc5 Nc3 27. Nxd7 Nxd1 28. Nxb8 Rxb8 29. Na5 Nc3 30. Rxb7 Rd8 31. Rb3 Ne4 32. Rd3 Rxd3 33. Bxd3 Nc5 34. Bf1 Nd4 35. Nc4 Kf7 36. f3 Kf6 37. Kf2 e5 38. Nb2 Nc2 39. a4 e4 40. a5 exf3 41. gxf3 Nd4 42. Nd3 Nxd3+ 43. Bxd3 h6 44. Bxa6 Nc6 45. Ke3 1/2-1/2

[Event "Wch U16"]
[Site "Khanty-Mansiysk"]
[Date "2016.09.26"]
[Round "5"]
[White "Maghsoodloo, Parham"]
[Black "Elistratov, Semen"]
[Result "1-0"]
[WhiteElo "2566"]
[BlackElo "2371"]
[PlyCount "107"]
[EventDate "2016.09.22"]
[EventType "swiss"]
[EventRounds "11"]
[EventCountry "RUS"]
[SourceTitle "EXT 2017"]
[Source "ChessBase"]
[SourceDate "2016.10.25"]
[SourceVersion "1"]
[SourceVersionDate "2016.10.25"]
[SourceQuality "1"]

1. Nf3 d5 2. g3 g6 3. Bg2 Bg7 4. d4 Nf6 5. 0-0 0-0 6. c4 dxc4 7. Na3 c3 8. bxc3 c5 9. Bb2 Nc6 10. Qa4 Bd7 11. dxc5 Ne5 12. Qb3 Nxf3+ 13. Bxf3 Rb8 14. c4 Bc6 15. Rfd1 Qc8 16. Nb5 Bxf3 17. Nxa7 Qxc5 18. Bd4 Qh5 19. exf3 e5 20. Bb2 e4 21. Kg2 exf3+ 22. Qxf3 Ng4 23. h3 Bxb2 24. hxg4 Qc5 25. Rab1 Bg7 26. Nb5 Qxc4 27. a3 b6 28. Rb4 Qa2 29. Nc7 Qc2 30. Nd5 Qc5 31. Rdb1 b5 32. a4 Rfd8 33. Rxb5 Rxb5 34. Rxb5 Qc4 35. Ra5 Bd4 36. Qe4 Kg7 37. g5 Rb8 38. Rb5 Rd8 39. Ra5 Rb8 40. Rb5 Rd8 41. Qh4 Kh8 42. Qf4 Kg7 43. Qh4 Kh8 44. Qf4 Kg7 45. Nb4 Qe6 46. Qf3 Rc8 47. a5 Rc3 48. Qf4 Rc4 49. Rd5 Rxb4 50. Rxd4 Rb1 51. Rd6 Qf5 52. Qd4+ f6 53. Rxf6 Qxg5 54. Rf5+ 1-0